The right to decide if, when and whom to marry : (Record no. 4286)

MARC details
000 -LEADER
fixed length control field 00841nam a2200217 4500
003 - CONTROL NUMBER IDENTIFIER
control field LK-CoMWRAF
005 - DATE AND TIME OF LATEST TRANSACTION
control field 20231203125612.0
008 - FIXED-LENGTH DATA ELEMENTS--GENERAL INFORMATION
fixed length control field 231203b2005 |||||||| |||| 00| 0 eng d
020 ## - INTERNATIONAL STANDARD BOOK NUMBER
International Standard Book Number 9834240058
040 ## - CATALOGING SOURCE
Original cataloging agency LK-CoMWRAF
Modifying agency LK-CoMWRAF
Description conventions LK-CoMWRAF
041 ## - LANGUAGE CODE
Language code of text/sound track or separate title English
082 ## - DEWEY DECIMAL CLASSIFICATION NUMBER
Classification number 306.8
Item number CHI
942 ## - ADDED ENTRY ELEMENTS (KOHA)
Koha item type Books
100 ## - MAIN ENTRY--PERSONAL NAME
Personal name Chiongson, Rea A.
245 ## - TITLE STATEMENT
Title The right to decide if, when and whom to marry :
Remainder of title obligations of the state under CEDAW and other international human rights instruments
260 ## - PUBLICATION, DISTRIBUTION, ETC. (IMPRINT)
Place of publication, distribution, etc. Kuala Lumpur:
Name of publisher, distributor, etc. International Women's Rights Action Watch Asia Pacific,
Date of publication, distribution, etc. 2004
300 ## - PHYSICAL DESCRIPTION
Extent ii, 33 p. ; 22 cm.
490 ## - SERIES STATEMENT
Series statement IWRAW Asia Pacific occasional papers series
Volume/sequential designation No. 6
856 ## - ELECTRONIC LOCATION AND ACCESS
Uniform Resource Identifier <a href="https://www.iwraw-ap.org/wp-content/uploads/2018/08/OPS_6-THE-RIGHT-TO-DECIDE-IFWHEN-WHOM-TO-MARRY.pdf">https://www.iwraw-ap.org/wp-content/uploads/2018/08/OPS_6-THE-RIGHT-TO-DECIDE-IFWHEN-WHOM-TO-MARRY.pdf</a>
650 ## - SUBJECT ADDED ENTRY--TOPICAL TERM
Topical term or geographic name as entry element FORCED MARRIAGE
Holdings
Withdrawn status Lost status Damaged status Not for loan Permanent Location Current Location Date acquired Full call number Barcode Koha item type
        Resource center, Muslim Women's Research And Action Forum Resource center, Muslim Women's Research And Action Forum 2023-12-03 306.8 CHI RAF3298 Books

Copyright © 2023 Muslim Women's Research and Action Forum (MWRAF), No 27/3, Anderson Road, Kalubowila, Dehiwela. Funded by The Asia Fundation